| 000 | 00571nam a2200217 a 4500 | ||
|---|---|---|---|
| 999 |
_c598 _d598 |
||
| 001 | 598 | ||
| 003 | BD-JhCC | ||
| 005 | 20171007215145.0 | ||
| 008 | 171007s1965 ||||| |||| 001 0 eng d | ||
| 035 | _a(BD-JhCC)598 | ||
| 040 |
_aBD-JhCC _dBD-JhCC |
||
| 041 | _aeng | ||
| 082 |
_a370.12 _bCHE 1965 _222 |
||
| 100 | _aCherrett, J.M. | ||
| 245 |
_aAt Home in the World / _cJ.M. Cherrett |
||
| 260 |
_aLondon , _bFaber and faber 24 Russell Square , _c1965 |
||
| 300 |
_a127p. ; _c20cm. |
||
| 650 |
_aNature and nurture _xEvolution |
||
| 942 |
_2ddc _cBK |
||